00565 a2200181 4500001000700000003000400007005001700011008004100028082002000069100002300089245003900112260004500151300001000196690003900206942001200245999001300257952011300270066553OSt20211001132614.0  a891.46371bN14U1 aNaik, Pundalika N.1 aThe Upheavalcby Pundalika N. Naik aNew DelhibOxford University Pressc2007 a144p. aRural conditions; India--Velha Goa 2ddccBK c598d598 00102ddc40708TXBaCURAJbCURAJd2012-03-07eENGg295.00o891.46371 N14Up839r2024-11-21w2020-09-02yBK